000 00624 a2200217 4500
041 _aEng
082 _a025.32
_bSh23c
100 _aSharma, Chandra Dhar, 1936-
_913967
245 _aClassified catalogue code in theory and practice :
260 _aDelhi
_bMetropolitan
_c1973
300 _aviii, 163p.
504 _aBibliography: p. 159-160
518 _a2067-10-17
650 _aLibrary catalogues
_91448
650 _aClassification systems
_94312
650 _aCataloguing
650 _aCataloguin rules
_913968
650 _aLibrary technical processes
_913966
653 _aLibrary science
942 _2ddc
_cGEN
999 _c56043
_d56039